LEADER 00979cam0 2200265 450 001 E600200043123 005 20210610071651.0 010 $a2738410251 100 $a20081212d1991 |||||ita|0103 ba 101 $aita 102 $aFR 200 1 $aIslamisme, laïcité, et droits de l'homme$eun siécle de débat sans cesse reporté au sein de la pensée arabe contemporaine$fMohamed-Chérif Ferjani$gpref. d'Ali Merad 210 $aParis$cL'Harmattan$d1991 215 $a399 p.$d22 cm 700 1$aFerjani$b, Mohamed-Chérif$3A600200051396$4070$0235055 702 1$aMerad, Ali$3A600200051397$4070 801 0$aIT$bUNISOB$c20210610$gRICA 850 $aUNISOB 852 $aUNISOB$j320$m86184 912 $aE600200043123 940 $aM 102 Monografia moderna SBN 941 $aM 957 $a320$b001734$gSI$d86184$racquisto$1pregresso2$2UNISOB$3UNISOB$420081212121634.0$520200114085535.0$6Spinosa 996 $aIslamisme, laicite et droits de l'homme$9648125 997 $aUNISOB LEADER 01067nam0-2200337 --450 001 9910745096903321 005 20231013102118.0 010 $a88-222-5272-1 100 $a20231013d2003----kmuy0itay5050 ba 101 0 $aita$ager 102 $aIT 105 $aa c 001yy 200 1 $aPaesaggio culturale e biodiversità$eprincipi generali, metodi, proposte operative$fa cura di Rita Colantonio Venturelli e Felix Müller 210 $aFirenze$cLeo S. Olschki$d2003 215 $aXV, 258 p.,$cill.$d24 cm 225 1 $aVilla Vigoni$iStudi italo-tedeschi$v8 225 1 $aGiardini e paesaggio$v7 610 0 $aBoschi e foreste$aTutela$aItalia 610 0 $aBoschi e foreste$aTutela$aGermania 676 $a333.750943 676 $a333.9516 676 $a712 702 1$aMuller,$bFelix 702 1$aColantonio Venturelli,$bRita 801 0$aIT$bUNINA$gREICAT$2UNIMARC 901 $aBK 912 $a9910745096903321 952 $aART.FI B 658$b712/2023$fFARBC 959 $aFARBC 996 $aPaesaggio culturale e biodiversità$959022 997 $aUNINA